000 00318nam a22001457a 4500
008 210511b ||||| |||| 00| 0 eng d
020 _a9780060404376
041 _aeng
080 _27th
_a37
082 _a37
100 _a46
101 _aEDU
245 _aThe Practical Stylist
_cSheridan Baker
942 _2udc
_cBK
999 _c57139
_d57139